Nischayadhardyam Karuthayi Shailaja Teacherude Ormakkurippukal(നിശ്ചയദാർഢ്യം കരുത്തായി :ശൈലജ ടീച്ചറുടെ ഓർമക്കുറിപ്പുകൾ)Nischayadhardyam Karuthayi Shailaja Teacherude Ormakkurippukal (Record no. 115242)

MARC details
000 -LEADER
fixed length control field 00780 a2200193 4500
005 - DATE AND TIME OF LATEST TRANSACTION
control field 20260423122624.0
008 - FIXED-LENGTH DATA ELEMENTS--GENERAL INFORMATION
fixed length control field 260420b |||||||| |||| 00| 0 eng d
020 ## - INTERNATIONAL STANDARD BOOK NUMBER
International Standard Book Number 9789357327565
080 ## - UNIVERSAL DECIMAL CLASSIFICATION NUMBER
Universal Decimal Classification number 89M-94
Item number SHA/N
100 ## - MAIN ENTRY--PERSONAL NAME
Personal name Shailaja,K. K.
100 ## - MAIN ENTRY--PERSONAL NAME
Personal name Manju Sara Rajan
245 ## - TITLE STATEMENT
Title Nischayadhardyam Karuthayi Shailaja Teacherude Ormakkurippukal(നിശ്ചയദാർഢ്യം കരുത്തായി :ശൈലജ ടീച്ചറുടെ ഓർമക്കുറിപ്പുകൾ)Nischayadhardyam Karuthayi Shailaja Teacherude Ormakkurippukal
260 ## - PUBLICATION, DISTRIBUTION, ETC. (IMPRINT)
Name of publisher, distributor, etc D C books.
Place of publication, distribution, etc Kottayam.
Date of publication, distribution, etc 2024.
300 ## - PHYSICAL DESCRIPTION
Extent 400p.
500 ## - GENERAL NOTE
General note "My Life as a Comrade"English Title
653 ## - INDEX TERM--UNCONTROLLED
Uncontrolled term Memories-Malayalam Translation
700 ## - ADDED ENTRY--PERSONAL NAME
Personal name Sithara S;tr.by
942 ## - ADDED ENTRY ELEMENTS (KOHA)
item type Books
Holdings
Lost status Source of classification or shelving scheme Not for loan Home library Current library Date acquired Cost, normal purchase price Total Checkouts Full call number Barcode Date last seen Cost, replacement price Price effective from Koha item type Public note
  Universal Decimal Classification Not For Loan University Library University Library 27/02/2026 332.68   89M-94 SHA/N 00097321 27/02/2026 499.00 27/02/2026 Books Processing
University Library, CUSAT